| 000 | 00626nam a2200169 4500 | ||
|---|---|---|---|
| 001 | 120435 | ||
| 003 | ES-MaACL | ||
| 005 | 20230906191542.0 | ||
| 007 | t| | ||
| 008 | 070214s1973 sp r ||||1| spa d | ||
| 100 | 1 |
_aPita Carpenter, Pío Alfonso. _992395 |
|
| 245 | 1 | 3 |
_aEl inventario en la ordenación de montes / _cPío Alfonso Pita Carpenter. |
| 260 |
_aMadrid : _bInstituto Nacional de Investigaciones Agrarias, _c1973. |
||
| 300 |
_a225 p., 1 lám. : _bil. ; _c24 cm + _e1 map. pleg., 1 plan. pleg. |
||
| 710 | 2 |
_aInstituto Nacional de Investigaciones Agrarias (España) _95168 |
|
| 852 |
_aES-MaACL _jC-54302 _bR.87291 |
||
| 999 |
_c120435 _d120435 |
||